| 000 | 00521nam a2200169Ia 4500 | ||
|---|---|---|---|
| 008 | 130821s1953 mx gr spa | ||
| 040 |
_aCo-BoUCM _bspa |
||
| 041 | _aspa | ||
| 100 |
_aDelgado, Rafael _9114851 |
||
| 245 |
_aLecciones de literatura _cRafael Delgado |
||
| 260 |
_aJalapa (México) _bUniversidad Veracruzana _c1953 |
||
| 300 | _a380 páginas | ||
| 500 | _aNotas al pie del texto | ||
| 650 | 0 | 4 |
_aLiteratura mexicana _918708 |
| 942 |
_cLIBRO _a18 _e1 _mD35 _2DEWEY _h860 |
||
| 999 |
_c12497 _d12497 |
||